| 000 | 00456nam a2200181Ia 4500 | ||
|---|---|---|---|
| 001 | 9619 | ||
| 005 | 20260306161731.0 | ||
| 008 | 260306t2006||||xx |||||||||||||| ||spa|| | ||
| 041 | _aESP | ||
| 082 |
_a382.71 _bT78 |
||
| 100 |
_aFairlie Reinoso, Alan _eAUT |
||
| 245 | 0 |
_aTratado de libre comercio Perú- EEUU: _bun balance crítico |
|
| 260 | _c2006 | ||
| 300 |
_a108 páginas : _c21 cm. |
||
| 650 | _aGEN | ||
| 654 | _aCAN | ||
| 942 |
_cLIB _dJUS _fJUS _2ddc _n |
||
| 999 |
_c9619 _d9619 |
||